Tour de France 2016 stage winners - Statistics

General Stats
  • This quiz has been taken 84 times
  • The average score is 17 of 21
Answer Stats
Stage Type Country Winner % Correct
8 Mountain UK Chris Froome
99%
18 Time trial UK Chris Froome
99%
2 Flat Slovakia Peter Sagan
99%
11 Flat Slovakia Peter Sagan
99%
16 Flat Slovakia Peter Sagan
99%
1 Flat UK Mark Cavendish
97%
3 Flat UK Mark Cavendish
97%
6 Flat UK Mark Cavendish
97%
14 Flat UK Mark Cavendish
97%
21 Flat Germany Andre Greipel
90%
19 Mountain France Romain Bardet
89%
4 Flat Germany Marcel Kittel
87%
9 Mountain Netherlands Tom Dumoulin
87%
13 Time trial Netherlands Tom Dumoulin
87%
10 Hilly Australia Michael Matthews
68%
17 Mountain Russia Ilnur Zakarin
66%
5 Hilly Belgium Greg Van Avermaet
63%
12 Mountain Belgium Thomas De Gendt
61%
7 Hilly UK Steve Cummings
48%
20 Mountain Spain Ion Izagirre
41%
15 Mountain Colombia Jarlinson Pantano
39%
No matching quizzes found
Score Distribution
Percent of People with Each Score
Percentile by Number Answered
Your Score History
You have not taken this quiz